Four Seasons : (Record no. 362147)
[ view plain ]
| 000 -LEADER | |
|---|---|
| fixed length control field | 00519nam a2200145Ia 4500 |
| 008 - FIXED-LENGTH DATA ELEMENTS--GENERAL INFORMATION | |
| fixed length control field | 190920s9999 xx 000 0 und d |
| 020 ## - INTERNATIONAL STANDARD BOOK NUMBER | |
| International Standard Book Number | 978-1-59184-244-6 |
| 100 ## - MAIN ENTRY--PERSONAL NAME | |
| Personal name | Sharp, Isadore |
| 245 ## - TITLE STATEMENT | |
| Statement of responsibility, etc | Sharp, Isadore.-- |
| Title | Four Seasons : |
| Remainder of title | the story of a business philosophy / |
| 260 ## - PUBLICATION, DISTRIBUTION, ETC. (IMPRINT) | |
| Place of publication, distribution, etc | New York, N.Y. : |
| Name of publisher, distributor, etc | Portfolio |
| Date of publication, distribution, etc | 2009 |
| 300 ## - PHYSICAL DESCRIPTION | |
| Extent | 275 pages : |
| Other physical details | black & white pictures |
| 500 ## - GENERAL NOTE | |
| General note | Includes acknowledgements, afterword, and index |
| 650 ## - SUBJECT ADDED ENTRY--TOPICAL TERM | |
| Topical term or geographic name as entry element | Four Seasons Hotels & Resorts. |
| 650 ## - SUBJECT ADDED ENTRY--TOPICAL TERM | |
| Topical term or geographic name as entry element | Hotelkeepers -- Biography. |
No items available.